000 00616nas a2200217 4500
001 BR0808352
003 BR-BrBNA
005 20231205112843.0
007 ta
008 230509b bl.|||p| |||| 00| 00por d
040 _aBR-BrBNA
_bpor
_cBiblioteca Nacional de Agricultura
041 _a(Pt)
072 _aE50
100 1 _aGremski, W.
245 1 _aMissão da PUCPR: razão e sentido
650 _aINSTITUIÇÃO
650 _aOBJETIVO
773 0 _tRevista Acadêmica (Brazil)
_xISSN 0103-989X
_g(Apr-Jun 2006), v. 4(2) p. 97-99
_wBR0808352
909 _a202311
_bLúcia
_c55
_dLúcia Elande
942 _2AGRIS
_n0
_cANA
999 _c200400
_d200400